<?xml version="1.0" encoding="UTF-8"?>
<collection xmlns="http://www.loc.gov/MARC21/slim">
 <record>
  <leader>00773pamaa2200217   4500</leader>
  <controlfield tag="001">0000052837</controlfield>
  <controlfield tag="005">20140813090000.0</controlfield>
  <datafield tag="020" ind1="0" ind2="0">
   <subfield code="a">9789670498027 </subfield>
  </datafield>
  <datafield tag="090" ind1="0" ind2="0">
   <subfield code="a">KPG1104 </subfield>
   <subfield code="b">IDA 2012</subfield>
  </datafield>
  <datafield tag="100" ind1="1" ind2="0">
   <subfield code="a">IDA MADIEHA BT. ABDUL GHANI AZMI </subfield>
  </datafield>
  <datafield tag="245" ind1="1" ind2="0">
   <subfield code="a">Copyright law in Malaysia : </subfield>
   <subfield code="b">cases and commentary  </subfield>
   <subfield code="c">Ida Madieha bt. Abdul Ghani Azmi.</subfield>
  </datafield>
  <datafield tag="250" ind1="0" ind2="0">
   <subfield code="a">2nd ed.</subfield>
  </datafield>
  <datafield tag="260" ind1="0" ind2="0">
   <subfield code="a">Petaling Jaya, Selangor, Malaysia: </subfield>
   <subfield code="b">Sweet and Maxwell Asia, </subfield>
   <subfield code="c">2012.</subfield>
  </datafield>
  <datafield tag="300" ind1=" " ind2=" ">
   <subfield code="a">xxxv, 777p.; </subfield>
   <subfield code="c">26 cm.</subfield>
  </datafield>
  <datafield tag="440" ind1="0" ind2="0">
   <subfield code="a">Intellectual property series</subfield>
  </datafield>
  <datafield tag="500" ind1="0" ind2="0">
   <subfield code="a">Includes bibliographical references and index</subfield>
  </datafield>
  <datafield tag="500" ind1="0" ind2="0">
   <subfield code="a">DLWUK</subfield>
  </datafield>
  <datafield tag="500" ind1="0" ind2="0">
   <subfield code="a">&quot;Table of statutes&quot;: p. [xxxi]-xxxv</subfield>
  </datafield>
  <datafield tag="500" ind1="0" ind2="0">
   <subfield code="a">&quot;Table of cases&quot;: p. [xix]-xxix</subfield>
  </datafield>
  <datafield tag="650" ind1="0" ind2="0">
   <subfield code="a">Copyright -- </subfield>
   <subfield code="x">Cases -- </subfield>
   <subfield code="z">Malaysia </subfield>
  </datafield>
  <datafield tag="901" ind1=" " ind2=" ">
   <subfield code="u">http://www.sweetandmaxwell.com</subfield>
  </datafield>
 </record>
</collection>
